000 00930nam a2200265 a 4500
001 52220
003 BD-RjUL
005 20250505143003.0
008 160907m19631967pk || ||||||| 0 |eng|
035 _a(BD-RjUL)52340
040 _aDLC
_cCarP
_dDLC
_beng
041 _aeng
082 _223
_a340.95492
_bEAS 1963
110 1 _aEast Pakistan.
_kLaws, statutes, etc. [from old catalog]
_9156215
245 1 0 _aEast Pakistan code. /
250 _a1st ed.
260 _aDacca :
_bEast Pakistan Government Press,
_c1963-1967
300 _av. ;
_c26 cm.
505 0 _a vol 1, Vol. 2 : (Bengal acts 1862 to 1889) ; Vol. 3 : (Bengal acts 1890 to 1919) -- vol 4 bengal acts 1920 to 1930, vol 5 bengal acts 1931 to 1938 -- vol.8 --vol. 14--
650 _aLaw
_zBangladesh
_9156216
650 _aLaw
_9156217
650 _aBangladesh
_9156218
710 1 _aEast Pakistan.
_bLaw Department [from old catalog]
_9142694
942 _2ddc
_cBK
999 _c52220
_d52220